• 首页
  • 本馆介绍
  • 公告通知
  • 最新文献
  • 馆藏检索
  • 电子资源
  • 读者导购
  • 参考咨询
  • 我的图书馆
  • 登录
  • 详细信息显示
  • 放入我的书架
  • 预约/预借图书
  • 作者相关作品
  • 分类相关作品
  • 丛书相关作品
  • 出版社相关作品

书目信息

  • 表格格式
  • 工作单格式
  • 卡片格式
题名:
中国字典词典史话
    
 
作者: 张明华 著
分册:  
出版信息: 北京   商务印书馆  1998.11
页数: 186页
开本: 32开
丛书名: 中华文化史知识丛书
单 册:
中图分类: H16
科图分类:
主题词: 汉语--词典学--中国--古代
电子资源:
ISBN: 7-100-02577-X
000 00602nam0 2200229 45
001 0005111515
005 20031219104045.1
010    @a7-100-02577-X@dCNY12.10
100    @a20000511d1998 km y0chiy0120 ea
101    @achi
105    @a z 000yy
200 1  @a中国字典词典史话@f张明华著
205    @a增订版
210    @a北京@c商务印书馆@d1998.11
215    @a186页@c冠图@d32开
225    @a中华文化史知识丛书
410    @12001 @a中华文化史知识丛书
606 0  @a汉语@x词典学@y中国@z古代
690    @aH16@v1
701    @a张明华@4著
801    @aCN@bTSTC@c20000511
905    @f1@b288358@dH16@e119
    
    中国字典词典史话/张明华著.-增订版.-北京:商务印书馆,1998.11
    186页:冠图;32开.-(中华文化史知识丛书)
    
    
    ISBN 7-100-02577-X:CNY12.10
    
●
相关链接 在E读中查询图书 在五车中查询图书 在当当中查询图书 在豆瓣中查询图书


正题名:中国字典词典史话     索取号:H16/119         预约/预借

序号 登录号 条形码 馆藏地/架位号 状态 备注
1 0288358   002883589   第二样本阅览室/ [索取号:H16/119] 在馆    
唐山师范学院图书馆 欢迎您!
大连网信软件有限公司© 版权所有